| 000 | 00603nam a2200217 i 4500 | ||
|---|---|---|---|
| 001 | bgj | ||
| 100 | 1 | _aO'CALLAGHAN, Bryn | |
| 245 | 1 | 0 |
_aAn illustrated history of the USA / _cBryn 0'Callaghan. |
| 250 | _a[8th impr.]. | ||
| 260 |
_aHarlow, Essex : _bLongman, _c1997. |
||
| 300 |
_a144 pp : _bmaps, photos (mainly colour) ; _c26 cm. |
||
| 500 | _a1st publ. 1990. | ||
| 505 | _aIncludes index. | ||
| 651 | 9 |
_aUnited States _xHistory |
|
| 020 | _a0582749212 (pbk) | ||
| 040 | _cBPK | ||
| 041 | 0 | _aeng | |
| 920 | _a0-582-74921-2 (pbk) | ||
| 942 | _cKS | ||
| 008 | s uk f |000 0 eng | ||
| 999 |
_c48406 _d48406 |
||